000 00779nam a2200241 a 4500
005 20140311163043.0
008 130122s19uu xx 00 eng d
020 _a9781111308919
050 _aRC 86.7
_b.G72 2012
100 _aGrafft, Joseph A.
245 _aEssentials for the emergency medical responder /
_cJoseph A. Grafft & Katherine Kuzma Grafft.
250 _aInternational ed.
260 _aClifton Park, NY ; Singapore :
_bDelmar Cengage Learning,
_c2012.
300 _a318 p. :
_bill. col. ;
_c28 cm.
500 _aIncludes index
521 _aNUR
650 _aEmergency medical technicians
650 _aMedical emergencies
650 _aFirst aid in illness and injury
700 _aGrafft, Katherine Kuzma
942 _cBK
_2lcc
_kFOR
999 _c39779
_d39779